000 00795nam a2200241Ia 4500
003 OSt
005 20220926020807.0
006 a|||||r|||| 00| 0
007 ta
008 220923b |||||||| |||| 00| 0 eng d
020 _a9783642223976
_c10601.49
037 _b38610, 30/08/2013, Segment Book Distrobutors
_cGeneral Book
040 _aRTL
_cRTL
_beng
041 _2eng
_aeng
082 _aX:(B28911), Q2
100 _aSTACHURSKI John
_9251539
245 0 _aNonlinear dynamics in equilibrium models
_b Chaos, cycles and indeterminacy
260 _aNew York
_bSpringer
_c2012
300 _axi,454p.
_ccm.
650 _aEconomics
942 _hX:(B28911), Q2
_cGB
_2CC
999 _c635028
_d635028